<?xml version="1.0" encoding="UTF-8"?>
<record
    xmlns:xsi="http://www.w3.org/2001/XMLSchema-instance"
    xsi:schemaLocation="http://www.loc.gov/MARC21/slim http://www.loc.gov/standards/marcxml/schema/MARC21slim.xsd"
    xmlns="http://www.loc.gov/MARC21/slim">

  <leader>00805nam a2200229 a 4500</leader>
  <controlfield tag="001">43981</controlfield>
  <controlfield tag="003">BD-RjUL</controlfield>
  <controlfield tag="005">20211209053759.0</controlfield>
  <controlfield tag="008">160712s1962    ii ||||| |||| 00| 0 ben d</controlfield>
  <datafield tag="020" ind1=" " ind2=" ">
    <subfield code="c">: IRs 4.00 </subfield>
  </datafield>
  <datafield tag="035" ind1=" " ind2=" ">
    <subfield code="a">(BD-RjUL)44099</subfield>
  </datafield>
  <datafield tag="040" ind1=" " ind2=" ">
    <subfield code="a">BD-RjUL</subfield>
    <subfield code="b">ben </subfield>
    <subfield code="c">BD-RjUL</subfield>
  </datafield>
  <datafield tag="041" ind1=" " ind2=" ">
    <subfield code="a">ben </subfield>
  </datafield>
  <datafield tag="082" ind1=" " ind2=" ">
    <subfield code="2">23 </subfield>
    <subfield code="a">294.5512 </subfield>
    <subfield code="b">DEB 1962 </subfield>
  </datafield>
  <datafield tag="100" ind1=" " ind2=" ">
    <subfield code="a">&#x9A6;&#x9C7;&#x9AC;&#x9C0;, &#x987;&#x9A8;&#x9CD;&#x9A6;&#x9BF;&#x9B0;&#x9BE; </subfield>
    <subfield code="9">135101</subfield>
  </datafield>
  <datafield tag="245" ind1="1" ind2="0">
    <subfield code="a">&#x9AC;&#x9BE;&#x982;&#x9B2;&#x9BE;&#x9B0; &#x9B8;&#x9BE;&#x9A7;&#x995; &#x9AC;&#x9BE;&#x989;&#x9B2; / </subfield>
    <subfield code="c">&#x987;&#x9A8;&#x9CD;&#x9A6;&#x9BF;&#x9B0;&#x9BE; &#x9A6;&#x9C7;&#x9AC;&#x9C0; </subfield>
  </datafield>
  <datafield tag="260" ind1=" " ind2=" ">
    <subfield code="a">&#x995;&#x9B2;&#x9BF;&#x995;&#x9BE;&#x9A4;&#x9BE; :</subfield>
    <subfield code="b">&#x9AD;&#x9BE;&#x9B0;&#x9A4;&#x9C0; &#x9AC;&#x9C1;&#x995; &#x9B8;&#x9CD;&#x99F;&#x9B2;, </subfield>
    <subfield code="c">&#x9E7;&#x9EF;&#x9EC;&#x9E8; [&#x9E7;&#x9E9;&#x9EC;&#x9EF;] </subfield>
  </datafield>
  <datafield tag="300" ind1=" " ind2=" ">
    <subfield code="a">&#x9E7;&#x9EA;&#x9EE; &#x9AA;&#x9C3;. ;</subfield>
    <subfield code="c">&#x9E8;&#x9E7; &#x9B8;&#x9C7;&#x9AE;&#x9BF;. </subfield>
  </datafield>
  <datafield tag="650" ind1=" " ind2=" ">
    <subfield code="a">Bauls </subfield>
    <subfield code="z">Bangladesh </subfield>
    <subfield code="9">135102</subfield>
  </datafield>
  <datafield tag="650" ind1=" " ind2=" ">
    <subfield code="a">&#x9AC;&#x9BE;&#x989;&#x9B2; </subfield>
    <subfield code="z">&#x9AC;&#x9BE;&#x982;&#x9B2;&#x9BE;&#x9A6;&#x9C7;&#x9B6; </subfield>
    <subfield code="9">124696</subfield>
  </datafield>
  <datafield tag="942" ind1=" " ind2=" ">
    <subfield code="2">ddc</subfield>
    <subfield code="c">BK</subfield>
    <subfield code="0">1</subfield>
  </datafield>
  <datafield tag="999" ind1=" " ind2=" ">
    <subfield code="c">43981</subfield>
    <subfield code="d">43981</subfield>
  </datafield>
  <datafield tag="952" ind1=" " ind2=" ">
    <subfield code="0">0</subfield>
    <subfield code="1">0</subfield>
    <subfield code="2">ddc</subfield>
    <subfield code="4">0</subfield>
    <subfield code="7">0</subfield>
    <subfield code="8">NFIC</subfield>
    <subfield code="a">RUCL</subfield>
    <subfield code="b">RUCL</subfield>
    <subfield code="c">Stack</subfield>
    <subfield code="d">1965-01-17</subfield>
    <subfield code="e">Ideal</subfield>
    <subfield code="g">4.50</subfield>
    <subfield code="l">1</subfield>
    <subfield code="o">B 294.5512  DEB 1962</subfield>
    <subfield code="r">2017-05-24 00:00:00</subfield>
    <subfield code="s">2017-05-23</subfield>
    <subfield code="t">C-2</subfield>
    <subfield code="w">2016-07-12</subfield>
    <subfield code="y">BK</subfield>
  </datafield>
  <datafield tag="952" ind1=" " ind2=" ">
    <subfield code="0">0</subfield>
    <subfield code="1">0</subfield>
    <subfield code="2">ddc</subfield>
    <subfield code="4">0</subfield>
    <subfield code="7">1</subfield>
    <subfield code="8">NFIC</subfield>
    <subfield code="a">RUCL</subfield>
    <subfield code="b">RUCL</subfield>
    <subfield code="c">Reading</subfield>
    <subfield code="d">1967-01-17</subfield>
    <subfield code="e">Ideal</subfield>
    <subfield code="g">4.50</subfield>
    <subfield code="l">0</subfield>
    <subfield code="o">B 294.5512  DEB 1962</subfield>
    <subfield code="r">2016-12-24 00:00:00</subfield>
    <subfield code="t">C-1</subfield>
    <subfield code="w">2016-12-24</subfield>
    <subfield code="y">BK</subfield>
  </datafield>
</record>
